[Event "Cup European Club (w)"]
[Site "masterchessopen.com Rethymnon (Greece)"]
[Round "7"]
[White "Ovod Evgenija (RUS)"]
[Black "Matnadze Ana (GEO)"]
[Result "0-1"]
[WhiteElo "2301"]
[BlackElo "2338"]

1.d4 Nf6 2.c4 e6 3.Nc3 Bb4 4.e3 Nc6 5.Bd3 e5 6.Ne2 d5 7.cxd5 Nxd5 8.e4 Nb6
9.d5 Ne7 10.Bg5 h6 11.Bh4 a6 12.O-O O-O 13.f3 Bc5+ 14.Kh1 Qe8 15.Qc2 Bd7 16.a4
Ng6 17.Be1 Bd6 18.a5 Nc8 19.Na4 Bb5 20.Bf2 Bxd3 21.Qxd3 Na7 22.Nc5 Qc8 23.g3
Rb8 24.Kg2 Rd8 25.h4 Nb5 26.Rfc1 Bxc5 27.Bxc5 Qd7 28.Qe3 f5 29.h5 Nf8 30.Nc3
Nh7 31.exf5 Nxc3 32.bxc3 Qxd5 33.Rd1 Qb3 34.Rd2 Nf6 35.Rad1 Rxd2+ 36.Rxd2 Re8
37.Kh3 Qb5 38.g4 Qxa5 39.Rg2 Nd5 40.Qf2 Nf4+ 41.Kh2 Nxg2 42.Kxg2 Qa4 43.Qd2
Qc4 44.Be3 e4 45.f6 exf3+ 46.Kg3 Qe6 47.Bd4 Qe1+ 48.Qxe1 Rxe1 49.fxg7 a5
50.Kxf3 a4 51.Kf2 Re4 52.Kf3 Rxd4 53.cxd4 a3 54.g5 Kxg7 {#R} 0-1

[Event "Cup Hokim (open)"]
[Site "masterchessopen.com Tashkent (Uzbekistan)"]
[Date "2009.07.23"]
[Round "7"]
[White "Nakhbayeva Guliskhan (KAZ)"]
[Black "Kvon Andrey (UZB)"]
[Result "0-1"]
[WhiteElo "2172"]
[BlackElo "2425"]

1.d4 Nf6 2.c4 e6 3.Nc3 Bb4 4.e3 Nc6 5.Bd3 e5 6.Ne2 d5 7.c5 O-O 8.O-O Bxc3
9.bxc3 e4 10.Bc2 Re8 11.Ng3 Ne7 12.c4 Nf5 13.Nxf5 Bxf5 14.cxd5 Nxd5 15.Qh5 Qd7
16.Bd2 Nf6 17.Qe2 Bg4 18.Qc4 c6 19.Rfb1 Re7 20.a4 Rae8 21.Rb2 Qd8 22.Rab1 Bc8
23.a5 a6 24.Qa2 Qd7 25.Bb3 Rd8 26.Bc4 Qg4 27.Rb3 Nd5 28.Qb2 Qh5 29.Rf1 Re6
30.f3 Rh6 31.h3 Bxh3 32.gxh3 Qh4 33.Rc1 Rg6+ 34.Kf1 Qxh3+ {#R} 0-1

[Event "Cup Rilton"]
[Site "masterchessopen.com Stockholm (Sweden)"]
[Round "0"]
[White "Sokolov Ivan (NED)"]
[Black "Eslon Jaan (SWE)"]
[Result "1-0"]
[WhiteElo "2525"]
[BlackElo "2356"]

1.d4 Nf6 2.c4 e6 3.Nc3 Bb4 4.e3 Nc6 5.Bd3 d5 6.a3 Bxc3+ 7.bxc3 e5 8.Ne2 e4
9.Bb1 dxc4 10.Ng3 Na5 11.Nxe4 Nb3 12.Nxf6+ Qxf6 13.Ra2 Bd7 14.O-O O-O-O 15.e4
Kb8 16.Be3 Ba4 17.Qe2 Qc6 18.e5 Na5 19.Qg4 h5 20.Qf4 Qe8 21.Be4 Bc6 22.Bb1 Bd5
23.Qh4 Qe6 24.Qh3 Qxh3 25.gxh3 Bf3 26.h4 f6 27.Re1 Nc6 28.Bf4 fxe5 29.dxe5 Rd5
30.Rd2 Ne7 31.e6 Rxd2 32.Bxd2 Bc6 33.Bc2 b5 34.Re5 Kb7 35.Bg5 Nd5 36.e7 Nxc3
37.Rf5 Re8 38.Rf7 Ne2+ 39.Kf1 Nd4 40.Bg6 Ne6 41.Rf5 Rb8 42.Re5 Nxg5 43.hxg5
Be8 44.Bxe8 Rxe8 45.f4 g6 46.f5 gxf5 47.g6 Kc6 48.g7 a5 49.Rxf5 c3 50.g8=Q
Rxg8 51.Rf8 {#r} 1-0

[Event "Cup Rilton"]
[Site "masterchessopen.com Stockholm (Sweden)"]
[Date "2008.12.27"]
[Round "1"]
[White "Hillarp Persson Tiger (SWE)"]
[Black "Furman Boris (RUS)"]
[Result "1-0"]
[WhiteElo "2543"]
[BlackElo "2251"]

1.d4 Nf6 2.c4 e6 3.Nc3 Bb4 4.e3 Nc6 5.Ne2 d5 6.a3 Bd6 7.c5 Be7 8.b4 e5 9.g3 e4
10.Bg2 O-O 11.f3 Re8 12.fxe4 dxe4 13.O-O Bf8 14.h3 Ne7 15.g4 Ned5 16.Nxd5 Nxd5
17.Ng3 Qh4 18.Qe1 a5 19.bxa5 Bd7 20.Bd2 Bc6 21.Nxe4 Qe7 22.Qf2 Ra6 23.Rae1 Bb5
24.Nd6 cxd6 25.Bxd5 Bxf1 26.Rxf1 Kh8 27.Bxf7 dxc5 28.Bxe8 Rf6 29.Qg2 Rxf1+
30.Kxf1 Qxe8 31.Qxb7 cxd4 32.exd4 Qa4 33.a6 Qd1+ 34.Be1 Qd3+ 35.Kg2 {#r} 1-0

[Event "Cup Russia (open)"]
[Site "masterchessopen.com Moscow (Russia)"]
[Round "2"]
[White "Krasilnikov Viatcheslav (RUS)"]
[Black "Dragomarezkij Evgeni (RUS)"]
[Result "1-0"]
[WhiteElo "2350"]
[BlackElo "2490"]

1.d4 Nf6 2.c4 e6 3.Nc3 Bb4 4.e3 Nc6 5.Nf3 Qe7 6.Bd2 Bxc3 7.Bxc3 Ne4 8.Qc2 Nxc3
9.Qxc3 Qb4 10.Rc1 Qxc3+ 11.Rxc3 d6 12.c5 Bd7 13.cxd6 cxd6 14.Be2 Nb4 15.a3 Nd5
16.Rc1 Bc6 17.Nd2 Kd7 18.Nc4 b6 19.Kd2 Rac8 20.b3 f5 21.Rc2 g5 22.Rhc1 Bb7
23.Nb2 Rxc2+ 24.Rxc2 Bc6 25.Nd3 a5 26.Rc1 h5 27.Nb2 b5 28.Nd1 g4 29.Bf1 Nf6
30.Nc3 Rb8 31.b4 a4 32.f3 h4 33.fxg4 Nxg4 34.Be2 Nf6 35.Rg1 Ne4+ 36.Nxe4 Bxe4
37.g3 hxg3 38.Rxg3 e5 39.Rg7+ Ke6 40.h4 f4 41.exf4 exf4 42.h5 Kd5 43.Rf7 Rc8
44.Rxf4 Rc2+ 45.Kd1 Ra2 46.Rh4 Rxa3 47.Bxb5 Ra1+ 48.Kd2 Ra2+ 49.Ke3 Ra3+
50.Kd2 Kxd4 51.h6 Ra2+ 52.Kd1 Ra1+ 53.Ke2 Ra2+ 54.Kf1 Ke3 55.Kg1 Rg2+ 56.Kf1
Rb2 57.Rxe4+ Kxe4 58.h7 Rh2 59.Bxa4 d5 60.Bc2+ Ke3 61.b5 d4 62.Kg1 Rh5 63.b6
Rg5+ 64.Kf1 {#r} 1-0

[Event "It"]
[Site "masterchessopen.com Argentina"]
[Round "0"]
[White "Bazan Osvaldo (ARG)"]
[Black "Foguelman Alberto (ARG)"]
[Result "1-0"]
[WhiteElo "2260"]
[BlackElo "2310"]

1.d4 Nf6 2.c4 e6 3.Nc3 Bb4 4.e3 Nc6 5.Ne2 O-O 6.a3 Bxc3+ 7.Nxc3 d6 8.Be2 e5
9.b4 Bf5 10.O-O Re8 11.Re1 Ne4 12.Nxe4 Bxe4 13.f3 Bg6 14.Bf1 exd4 15.b5 Na5
16.Bd2 c6 17.Qa4 b6 18.exd4 Qf6 19.c5 dxc5 20.dxc5 Nb7 21.cxb6 axb6 22.bxc6
Nc5 23.Rxe8+ Rxe8 24.Re1 Rc8 25.Qb5 Qd4+ 26.Be3 Qc3 27.Bf2 Ne6 28.Bc4 Nd4
29.Qe5 h6 30.Bxd4 {#r} 1-0

[Event "It"]
[Site "masterchessopen.com Boblingen (Germany)"]
[Round "0"]
[White "Zsinka Laszlo (HUN)"]
[Black "Beutelhoff Josef (GER)"]
[Result "1-0"]
[WhiteElo "2286"]
[BlackElo "2118"]

1.d4 Nf6 2.c4 e6 3.Nc3 Bb4 4.e3 Nc6 5.Bd3 Bxc3+ 6.bxc3 Qe7 7.Ne2 e5 8.O-O O-O
9.Ng3 d6 10.f3 Ne8 11.d5 Nb8 12.e4 g6 13.Bh6 Ng7 14.Qd2 Nd7 15.Rae1 b6 16.Rf2
a5 17.Nf1 Ba6 18.g4 f6 19.h4 Nc5 20.Ng3 Qd7 21.Bf1 Rab8 22.Be3 Qa4 23.Qe2 c6
24.Qc2 cxd5 25.cxd5 Bxf1 26.Nxf1 Qxc2 27.Rxc2 Rfc8 28.Rb1 Na4 29.c4 Ne8 30.Nd2
Nc7 31.Nb3 Na6 32.a3 Rc7 33.Kf2 Rbc8 34.Rbc1 Kf7 35.Ke2 Ke7 36.Bf2 Kd7 37.Be3
Rf8 38.Rb1 Rfc8 39.Rbc1 Rf8 40.Rb1 Rfc8 41.Nd2 Rb8 42.Rb5 Rcb7 43.Rb3 Rc7
44.Rb5 Rcb7 45.Rb1 Nc7 46.Rbc1 Na6 47.g5 Rf8 48.Rh1 fxg5 49.h5 gxh5 50.Rxh5
Rf7 51.Bxg5 Nc7 52.Rc1 Ne8 53.Rch1 Kc8 54.Rh6 Nc5 55.Be3 Nf6 56.Rg1 Ncd7
57.Rg5 Kd8 58.Rf5 Ke7 59.Bg5 Rb8 60.f4 exf4 61.Nf3 Rg8 62.e5 dxe5 63.Nxe5 {#r}
1-0

[Event "It"]
[Site "masterchessopen.com Bogota (Colombia)"]
[Date "1958.01.29"]
[Round "7"]
[White "Cuellar Gacharna Miguel (COL)"]
[Black "De Greif Boris (COL)"]
[Result "1-0"]
[WhiteElo "2280"]
[BlackElo "2255"]

1.c4 Nf6 2.d4 e6 3.Nc3 Bb4 4.e3 Nc6 5.Ne2 d5 6.a3 Be7 7.cxd5 exd5 8.Nf4 O-O
9.Bd3 Be6 10.O-O Qd7 11.Qc2 Bd6 12.Nxe6 Qxe6 13.Bf5 Qe8 14.Nb5 Qd8 15.Nxd6
Qxd6 16.f3 g6 17.Bd3 Nd7 18.Bd2 Rae8 19.Rac1 f5 20.g3 Rf7 21.Bb5 Ndb8 22.Qb3
a6 23.Bxc6 bxc6 24.Qd3 h5 25.Rf2 Qe6 26.Rc3 g5 27.Rc1 Ref8 28.Re1 Re8 29.Rfe2
g4 30.Rf2 Nd7 31.fxg4 hxg4 32.Ref1 Ref8 33.Qxa6 Nf6 34.Rxf5 Ne4 35.Rxf7 Rxf7
36.Qe2 Rxf1+ 37.Kxf1 Qf5+ 38.Ke1 Ng5 39.Kd1 Qb1+ 40.Bc1 Qe4 41.a4 c5 42.a5
cxd4 43.exd4 Qxd4+ 44.Kc2 Nf7 45.Bd2 Qa4+ 46.Kb1 Qd7 47.Bb4 Nd6 48.Bxd6 {#r}
1-0

[Event "It"]
[Site "masterchessopen.com Buenos Aires (Argentina)"]
[Round "0"]
[White "Uhlmann Wolfgang (GER)"]
[Black "Taimanov Mark E (RUS)"]
[Result "0-1"]
[WhiteElo "2379"]
[BlackElo "2386"]

1.d4 Nf6 2.c4 e6 3.Nc3 Bb4 4.e3 Nc6 5.Ne2 d5 6.a3 Bf8 7.cxd5 exd5 8.Nf4 g6
9.Qb3 Ne7 10.e4 c6 11.Be3 Bg7 12.exd5 O-O 13.dxc6 bxc6 14.Bc4 Nf5 15.O-O-O Ng4
16.Rhe1 Qc7 17.Rd2 Rb8 18.Qa2 Ngxe3 19.fxe3 Nxe3 20.Rxe3 Qxf4 21.Rf3 Qxh2
22.Kb1 Qg1+ 23.Rf1 Bf5+ 24.Ka1 Qe3 25.Rfd1 Rbd8 26.Re2 Qf4 27.Re7 Rxd4 28.Rf1
Qh4 29.Bxf7+ Kh8 30.Rxa7 Rb8 31.Be6 Rf4 32.Rc1 Qf2 33.Re7 Qd2 34.Rd1 Bxc3 {#R}
0-1

[Event "It"]
[Site "masterchessopen.com Buesum (Germany)"]
[Round "8"]
[White "Mohrlock Dieter (GER)"]
[Black "Hecht Hans-Joachim (GER)"]
[Result "0-1"]
[WhiteElo "2300"]
[BlackElo "2379"]

1.d4 Nf6 2.c4 e6 3.Nc3 Bb4 4.e3 Nc6 5.Ne2 d5 6.a3 Be7 7.cxd5 exd5 8.Nf4 Bf5
9.Qb3 Na5 10.Qa4+ Nc6 11.Ba6 bxa6 12.Qxc6+ Bd7 13.Qxa6 Bd6 14.Nfe2 O-O 15.f3
Re8 16.Bd2 Qb8 17.b4 Re6 18.Qd3 a5 19.b5 a4 20.Kf2 Qe8 21.Nf4 Bxf4 22.exf4 Rb8
23.Rab1 Reb6 24.Rhe1 Qc8 25.g4 h5 26.g5 Bf5 27.Qf1 Bxb1 28.gxf6 Bg6 29.Nxd5
Qd7 30.Nxb6 cxb6 31.Be3 gxf6 32.Rc1 Re8 33.Rc3 Qe6 34.h4 Kh7 35.Kg3 Bf5 36.Rc6
Qxe3 37.Rxf6 Rg8+ 38.Kh2 Qxf4+ {#R} 0-1

[Event "It"]
[Site "masterchessopen.com Gotha (Germany)"]
[Round "12"]
[White "Sliwa Bogdan (POL)"]
[Black "Pachman Ludek (GER)"]
[Result "0-1"]
[WhiteElo "2235"]
[BlackElo "2278"]

1.d4 Nf6 2.c4 e6 3.Nc3 Bb4 4.e3 Nc6 5.Ne2 d5 6.a3 Be7 7.cxd5 exd5 8.b4 O-O
9.Ng3 Re8 10.Be2 Bf8 11.Qc2 g6 12.O-O h5 13.Bd3 h4 14.Nge2 Ne7 15.Bd2 Nf5
16.Nf4 c6 17.b5 Bh6 18.Nce2 Bd7 19.bxc6 bxc6 20.Bb4 Ne4 21.Bxe4 Rxe4 22.h3 Qg5
23.Rfd1 Rae8 24.Rd3 Qf6 25.Qa4 g5 26.Nxd5 Qg6 27.Qxa7 Bc8 28.f3 cxd5 29.fxe4
dxe4 30.Qa4 Rd8 31.Qa5 Re8 32.Qb5 Ng7 33.Rc3 Ba6 34.Qc6 Bxe2 35.Qxg6 fxg6
36.a4 g4 37.Ra2 Bd3 38.hxg4 Bxe3+ 39.Kh2 Bxd4 40.Rc6 Be5+ 41.Kh3 g5 42.a5 Ne6
43.Bd2 e3 44.Bxe3 Nf4+ 45.Bxf4 Bxf4 46.Rf2 {#R} 0-1

[Event "It"]
[Site "masterchessopen.com Hastings (England)"]
[Round "5"]
[White "Gligoric Svetozar (SRB)"]
[Black "Franklin Michael J (ENG)"]
[Result "1-0"]
[WhiteElo "2447"]
[BlackElo "2191"]

1.d4 Nf6 2.c4 e6 3.Nc3 Bb4 4.e3 Nc6 5.Bd3 e5 6.Ne2 O-O 7.O-O Bxc3 8.bxc3 d6
9.e4 Re8 10.f3 b6 11.Bg5 h6 12.Bh4 g5 13.Bf2 Ne7 14.c5 Ng6 15.Bb5 Bd7 16.Bxd7
Qxd7 17.cxd6 cxd6 18.Ng3 exd4 19.Bxd4 Qe6 20.Nf5 Kh7 21.Bxf6 Qxf6 22.Qxd6 Qxd6
23.Nxd6 Red8 24.Rfd1 Rd7 25.Nf5 Rad8 26.Rd4 Nf4 27.Kf1 Ne6 28.Rxd7 Rxd7 29.Nd4
Nc5 30.a4 a5 31.Ke2 Kg6 32.Nf5 Nb3 33.Rb1 {#r} 1-0

[Event "It"]
[Site "masterchessopen.com Helsinki (Finland)"]
[Round "0"]
[White "Gurevich Dmitry (USA)"]
[Black "Rantanen Yrjo A (FIN)"]
[Result "1-0"]
[WhiteElo "2510"]
[BlackElo "2435"]

1.d4 Nf6 2.c4 e6 3.Nc3 Bb4 4.e3 Nc6 5.Bd3 O-O 6.Ne2 d5 7.cxd5 exd5 8.f3 Re8
9.O-O Bf8 10.a3 b6 11.b4 Ne7 12.Qc2 Ng6 13.b5 a6 14.e4 dxe4 15.fxe4 axb5
16.Bg5 Be7 17.Bxb5 Rf8 18.e5 Ng4 19.Bxe7 Qxe7 20.Qe4 Rxa3 21.Rxa3 Qxa3 22.h3
Nh6 23.Qc6 Qe7 24.Nd5 Qg5 25.Qc1 Qd8 26.Nxc7 Nf5 27.Qc3 Qg5 28.Kh2 Ne3 29.Rg1
Bb7 30.Bc6 Bxc6 31.Qxc6 Ng4+ 32.Kh1 Nf2+ 33.Kh2 Nf4 34.Qf3 Nxe2 35.Qxe2 Qf4+
36.g3 Qxd4 37.e6 fxe6 38.Nxe6 {#r} 1-0

[Event "It"]
[Site "masterchessopen.com Kecskemet (Hungary)"]
[Round "0"]
[White "Mann Gerald (HUN)"]
[Black "Kogan Artur (ISR)"]
[Result "0-1"]
[WhiteElo "2315"]
[BlackElo "2470"]

1.d4 Nf6 2.c4 e6 3.Nc3 Bb4 4.e3 Nc6 5.Ne2 d5 6.a3 Bd6 7.Qc2 dxc4 8.e4 e5 9.d5
Nd4 10.Nxd4 exd4 11.Nb5 O-O 12.Bg5 d3 13.Qxc4 d2+ 14.Bxd2 Nxe4 15.Be3 Re8
16.Nxd6 cxd6 17.Be2 Qf6 18.Qb5 Bf5 19.O-O Re7 20.Rac1 Qe5 21.Bf3 h6 22.Rfd1
Ng5 23.Be2 Rae8 24.Bf1 a6 25.Qb4 Qf6 26.Bxg5 hxg5 27.Re1 Be4 28.Rcd1 g6 29.Re3
Kg7 30.h3 Bf5 31.Rde1 Rxe3 32.Rxe3 Rxe3 33.fxe3 Qe5 34.Qxb7 Qxe3+ 35.Kh1 Be4
36.Kh2 a5 37.Qb5 Qd2 38.b4 axb4 39.axb4 Bxd5 40.Qb6 Be4 41.b5 Qd1 42.Qf2 Bb7
43.Qb2+ f6 44.Be2 Qd4 45.Bg4 Qf4+ 46.Kh1 d5 47.Bf3 Kf7 48.Qc3 Qd6 49.Qd4 Ke7
50.Qa7 Qd7 51.Qc5+ Ke6 52.Qb6+ Kf7 53.Kh2 Qe7 54.Kg1 Ke8 55.Kf2 Kf7 56.Kf1 Qd7
57.Kf2 f5 58.Kf1 Ba8 59.Kg1 Bb7 60.Kf2 Qe7 61.Kf1 Ba8 {#R} 0-1

[Event "It"]
[Site "masterchessopen.com Melbourne (Australia)"]
[Round "0"]
[White "Ker Anthony F (NZL)"]
[Black "West Guy (AUS)"]
[Result "1-0"]
[WhiteElo "2344"]
[BlackElo "2323"]

1.d4 Nf6 2.c4 e6 3.Nc3 Bb4 4.e3 Nc6 5.Bd3 e5 6.Ne2 d5 7.cxd5 Nxd5 8.a3 Nxc3
9.bxc3 Bd6 10.f4 exd4 11.cxd4 f5 12.Qb3 Qh4+ 13.Ng3 h5 14.Bxf5 Bxf5 15.Qxb7
Kd7 16.Qb5 Be4 17.O-O Rab8 18.Qc4 Bg6 19.e4 Qg4 20.Rf3 Be8 21.e5 Bf8 22.h3 Qh4
23.Rc3 Kc8 24.d5 Rb6 25.Be3 Qxg3 26.Bxb6 Qxc3 27.Qxc3 axb6 28.dxc6 Bc5+ 29.Kh1
Bxc6 30.e6 Rh6 31.Re1 Rf6 32.f5 Kd8 33.Qd2+ Bd6 34.Qg5 Be8 35.Rf1 Be5 36.Rd1+
Bd6 37.Qg3 Rxf5 38.Rxd6+ cxd6 39.Qxd6+ Kc8 40.e7 Bd7 41.Qxb6 {#r} 1-0

[Event "It"]
[Site "masterchessopen.com Ptuj (Slovenia)"]
[Round "5"]
[White "Jelen Igor (SLO)"]
[Black "Baumgartner Heinz (AUT)"]
[Result "1-0"]
[WhiteElo "2380"]
[BlackElo "2295"]

1.d4 Nf6 2.c4 e6 3.Nc3 Bb4 4.e3 Nc6 5.Ne2 d5 6.a3 Be7 7.Ng3 O-O 8.Bd3 dxc4
9.Bxc4 e5 10.d5 Nb8 11.O-O Nbd7 12.Ba2 Nb6 13.Qc2 Re8 14.b4 Bd7 15.Rd1 Bf8
16.e4 Rc8 17.Qb3 Bd6 18.Be3 Qe7 19.Rd2 Ng4 20.Nd1 g6 21.Rc1 Nxe3 22.Nxe3 Ra8
23.Qd3 a5 24.b5 Rac8 25.Nc2 Rf8 26.Qb3 h5 27.a4 h4 28.Nf1 h3 29.g3 f5 30.exf5
gxf5 31.Nce3 Qg5 32.Nc4 Nxc4 33.Rxc4 b6 34.Bb1 f4 35.Re2 Rf7 36.Nd2 fxg3
37.Qxg3 Rg7 38.Qxg5 Rxg5+ 39.Kf1 Kg7 40.Ne4 Rg4 41.Nxd6 cxd6 42.Rxc8 Bxc8
43.Rc2 Rxa4 44.Rxc8 Ra1 45.Rc1 a4 46.Ke2 a3 47.Rc7+ Kf6 48.Bd3 e4 49.Bxe4 Ke5
50.Bd3 Kxd5 51.Bf5 Kd4 52.Bxh3 Rb1 53.Ra7 Rb2+ 54.Kf3 a2 55.Be6 d5 56.h4 {#r}
1-0

[Event "It (c)"]
[Site "masterchessopen.com Ptuj (Slovenia)"]
[Round "0"]
[White "Solmajer Luka (SLO)"]
[Black "Jazbinsek Sebastjan (SLO)"]
[Result "0-1"]
[WhiteElo "2064"]
[BlackElo "2193"]

1.d4 Nf6 2.c4 e6 3.Nc3 Bb4 4.e3 Nc6 5.Ne2 d5 6.a3 Be7 7.Nf4 dxc4 8.Bxc4 O-O
9.O-O e5 10.Nfe2 exd4 11.exd4 Bf5 12.f3 Qd7 13.Be3 Rad8 14.Ba2 Bd6 15.Bf2 Ne7
16.Kh1 c6 17.Bh4 Qc7 18.Bxf6 gxf6 19.Ne4 Kg7 20.Qe1 Ng6 21.Nxd6 Qxd6 22.Rd1
Be6 23.Ng3 Kh8 24.Bb1 Rg8 25.Ne4 Qe7 26.f4 f5 27.Ng5 h6 28.Nxe6 Qxe6 29.Qc3
Qe2 30.Qh3 Kg7 31.Bxf5 Rxd4 32.Bd3 Qxb2 33.Bxg6 fxg6 34.Rb1 Rxf4 35.Rfd1 Rgf8
36.g3 Qxa3 37.Rxb7+ R8f7 38.Rbd7 Qf3+ 39.Qg2 Qxg2+ 40.Kxg2 Rxd7 41.Rxd7+ Rf7
42.Rd8 Rb7 43.Rd6 Rb2+ 44.Kf3 Rxh2 45.Rxc6 Ra2 46.Kg4 h5+ 47.Kg5 Ra5+ 48.Kh4
Kh6 49.Kh3 Ra4 50.Rd6 a5 51.Rc6 Rg4 52.Rc5 a4 53.Re5 Kg7 54.Re7+ Kf6 55.Re8
Rb4 56.Rd8 Rb3 57.Ra8 a3 58.Ra5 g5 59.Ra6+ Ke7 60.Kg2 g4 61.Kf2 Rb2+ 62.Ke3 a2
63.Kf4 Kd7 64.Kg5 Rh2 65.Kf5 Kc7 66.Ke5 Kb7 67.Ra3 Kb6 68.Kd5 Kb5 {#R} 0-1

[Event "It (cat.1)"]
[Site "masterchessopen.com Budapest (Hungary)"]
[Date "2008.12.08"]
[Round "3"]
[White "Demir Gokhan (TUR)"]
[Black "Toth Lili (HUN)"]
[Result "1-0"]
[WhiteElo "2239"]
[BlackElo "2194"]

1.d4 Nf6 2.c4 e6 3.Nc3 Bb4 4.e3 Nc6 5.Ne2 O-O 6.a3 Bxc3+ 7.Nxc3 d6 8.e4 e5
9.d5 Nb8 10.Be2 a5 11.Be3 Na6 12.b4 Bd7 13.Rb1 Qc8 14.c5 Ng4 15.Bxg4 Bxg4
16.f3 Bd7 17.c6 bxc6 18.dxc6 Be6 19.b5 Nc5 20.Nd5 Bxd5 21.exd5 Qd8 22.Bxc5
dxc5 23.d6 cxd6 24.b6 Qh4+ 25.g3 Qe7 26.Qd5 e4 27.O-O e3 28.Rfe1 Rae8 29.Kg2
Qd8 30.f4 h6 31.Rb3 Qf6 32.c7 g5 33.b7 gxf4 34.b8=Q c4 35.Qxe8 {#r} 1-0

[Event "It (cat.3)"]
[Site "masterchessopen.com London (England)"]
[Round "3"]
[White "McMahon Daire (IRL)"]
[Black "Welling Gerard (NED)"]
[Result "0-1"]
[WhiteElo "2240"]
[BlackElo "2395"]

1.d4 Nf6 2.c4 e6 3.Nc3 Bb4 4.e3 Nc6 5.Bd3 e5 6.Ne2 O-O 7.O-O Re8 8.d5 Nb8
9.Qc2 Bf8 10.a3 a5 11.Rb1 Na6 12.e4 c6 13.Bd2 Nc5 14.b4 axb4 15.axb4 Nxd3
16.Qxd3 cxd5 17.cxd5 d6 18.f3 Bd7 19.Be3 Ra3 20.Ra1 Qa8 21.Qb1 Qa6 22.Rxa3
Qxa3 23.Qa1 Ra8 24.Qxa3 Rxa3 25.Kf2 Ne8 26.Rb1 Be7 27.Rb2 Kf8 28.Ra2 Rb3 29.b5
Bxb5 30.Nxb5 Rxb5 31.Ra8 Rb3 32.Rb8 f6 33.Bd2 Kf7 34.Ba5 Rb5 35.Ra8 f5 36.Bd2
Nf6 37.Nc3 Rb2 38.Ke2 fxe4 39.fxe4 Ng4 40.h3 Bg5 41.Ra2 Rxa2 42.Nxa2 Bxd2
43.hxg4 Ba5 44.Nc1 Kf6 45.Nb3 Bb4 46.Kf3 Kg5 47.Nc1 Kh4 48.Nb3 Kg5 49.Nc1 Kf6
50.Nb3 Ke7 51.Ke2 Kd7 52.Kd3 b5 53.Kc2 Kc7 54.Kd3 Kb6 55.Kc2 Be1 56.Kd3 Ba5
57.Kc2 Bb4 58.Kd3 Be1 59.Ke2 Bc3 60.Kd3 Ba5 61.Kc2 b4 62.Kd3 Kb5 63.Nc1 Bd8
64.Nb3 Bg5 65.Na1 Bd8 66.Nb3 Ka4 67.Kc4 Ka3 68.Nd2 Kb2 69.Kxb4 Kc2 70.Nc4 Be7
71.Nb6 Kd3 72.Kb5 Kxe4 73.Kc6 Kd3 74.Nc8 Bf6 75.Nxd6 e4 76.Nf7 h6 77.d6 e3
78.d7 Kd4 79.Nd6 e2 80.Ne8 Bd8 {#R} 0-1

[Event "It (cat.3)"]
[Site "masterchessopen.com San Bernardo (Argentina)"]
[Date "2005.07.08"]
[Round "5"]
[White "Santos Marcus Vinicius Moreira (BRA)"]
[Black "Bronstein Luis (ARG)"]
[Result "0-1"]
[WhiteElo "2353"]
[BlackElo "2349"]

1.d4 Nf6 2.c4 e6 3.Nc3 Bb4 4.e3 Nc6 5.a3 Bxc3+ 6.bxc3 e5 7.Bd3 O-O 8.Ne2 e4
9.Bc2 b6 10.Ng3 Ba6 11.f3 Bxc4 12.fxe4 d5 13.Qf3 Nxe4 14.Nxe4 dxe4 15.Bxe4 Na5
16.Bxa8 Qxa8 17.Qxa8 Rxa8 18.e4 Bd3 19.Bf4 Bxe4 20.Bxc7 Rc8 21.Bf4 Rxc3 22.O-O
Nb3 23.Rae1 f5 24.d5 Nc5 25.Rd1 Nd3 26.d6 Kf7 27.Bd2 Rc2 28.d7 Ke7 29.Bb4+ Kd8
30.Bd2 Kxd7 31.h3 Ke6 32.Kh2 Nb2 33.Kg3 Nxd1 34.Rxd1 Ra2 35.Kf4 Rxa3 36.Bb4
Rd3 37.Re1 Kf6 38.h4 a5 39.Bf8 Kf7 {#R} 0-1

[Event "It (cat.4)"]
[Site "masterchessopen.com Budapest (Hungary)"]
[Round "0"]
[White "Szabo Zsolt Jozsef (HUN)"]
[Black "Munschi Serge (FRA)"]
[Result "1-0"]
[WhiteElo "2220"]
[BlackElo "2265"]

1.d4 Nf6 2.c4 e6 3.Nc3 Bb4 4.e3 Nc6 5.Ne2 d5 6.a3 Be7 7.cxd5 exd5 8.Nf4 Bf5
9.Be2 Qd7 10.O-O O-O 11.b4 Bd6 12.Nd3 Bxd3 13.Bxd3 a6 14.f3 g6 15.Qc2 Nh5
16.Kh1 Kh8 17.Qf2 f5 18.Nxd5 Bxh2 19.Kxh2 Qxd5 20.Bb2 Rae8 21.Kg1 f4 22.e4 Qg5
23.Rac1 Ng3 24.Rxc6 bxc6 25.d5+ Re5 26.Qc5 Re8 27.Qxc6 Re7 28.Rc1 Kg7 29.d6
cxd6 30.Qxd6 Kh6 31.Rc5 Rxc5 {#r} 1-0

[Event "It (cat.7)"]
[Site "masterchessopen.com Biel (Switzerland)"]
[Round "0"]
[White "Toth Bela (ITA)"]
[Black "Franzoni Giancarlo (SUI)"]
[Result "1-0"]
[WhiteElo "2440"]
[BlackElo "2427"]

1.d4 Nf6 2.c4 e6 3.Nc3 Bb4 4.e3 Nc6 5.Ne2 d5 6.a3 Be7 7.cxd5 exd5 8.Nf4 Bf5
9.Qb3 Na5 10.Qa2 g5 11.Bd3 Bxd3 12.Nxd3 Qd7 13.b4 Nc6 14.b5 Na5 15.Ne5 Qe6
16.Bd2 O-O-O 17.Rc1 Ne8 18.Na4 Nc4 19.Nxc4 dxc4 20.O-O Nd6 21.Nc5 Qd5 22.a4 h5
23.Bc3 f5 24.f3 g4 25.e4 fxe4 26.fxe4 Nxe4 27.Nxe4 Qxe4 28.Rfe1 Qh7 29.Qxc4
Bg5 30.Rb1 Rhe8 31.Rf1 h4 32.d5 Re4 33.Qd3 Be3+ 34.Kh1 h3 35.gxh3 gxh3 36.Rf3
Rde8 37.Rxe3 Qg6 38.Rxh3 Qd6 39.Rf1 Rxa4 40.Qf5+ Kb8 41.Rh8 Rxh8 42.Bxh8 b6
43.Qe6 a5 44.Be5 {#r} 1-0

[Event "It (cat.8)"]
[Site "masterchessopen.com Baku (Azerbaijan)"]
[Round "0"]
[White "Toshkov Tihomir (BUL)"]
[Black "Rashkovsky Nukhim N (RUS)"]
[Result "1-0"]
[WhiteElo "2375"]
[BlackElo "2495"]

1.d4 Nf6 2.c4 e6 3.Nc3 Bb4 4.e3 Nc6 5.Ne2 d5 6.cxd5 exd5 7.a3 Bd6 8.g3 Bf5
9.Bg2 Qd7 10.h3 O-O-O 11.g4 Bg6 12.Nf4 Rde8 13.Kf1 Ne7 14.b4 h5 15.g5 Ne4
16.Nxg6 Nxg6 17.Nxe4 dxe4 18.h4 Kb8 19.Bd2 f6 20.gxf6 gxf6 21.a4 f5 22.f4 Be7
23.Be1 Qd8 24.Bh3 Ref8 25.Rg1 Nxh4 26.Bxh4 Bxh4 27.Qb3 Qd6 28.Rc1 Be7 29.b5
Qf6 30.Rg3 Rh6 31.Rc2 Rg6 32.Rxg6 Qxg6 33.Rg2 Qd6 34.Rg8 c5 35.bxc6 Qxc6
36.Rxf8+ Bxf8 37.Bxf5 Be7 38.Qg8+ Kc7 39.Qc8+ Kb6 40.Qxc6+ bxc6 41.Bxe4 c5
42.dxc5+ Bxc5 43.Ke2 h4 44.Bf5 Ka5 45.Bd7 h3 46.Bxh3 Kxa4 47.e4 Kb4 48.Kd3 a5
49.e5 a4 50.Be6 a3 51.f5 Kb5 52.f6 Kc6 53.Ke4 Kc7 54.Kf5 Kd8 55.Kg6 {#r} 1-0

[Event "It (cat.8)"]
[Site "masterchessopen.com Bucharest (Romania)"]
[Round "7"]
[White "Dumitrache Dragos-Nicolae (ROM)"]
[Black "Jovanovic Nenad (SRB)"]
[Result "1-0"]
[WhiteElo "2495"]
[BlackElo "2331"]

1.d4 Nf6 2.c4 e6 3.Nc3 Bb4 4.e3 Nc6 5.Bd3 e5 6.Ne2 d5 7.cxd5 Nxd5 8.e4 Nb6
9.d5 Ne7 10.a3 Bd6 11.Nb5 O-O 12.O-O c6 13.dxc6 Nxc6 14.Nxd6 Qxd6 15.Be3 Rd8
16.Bb5 Qg6 17.Qc2 Nd4 18.Bxd4 exd4 19.Rad1 Bg4 20.Rxd4 Rxd4 21.Nxd4 Rc8 22.Qd2
a6 23.Be2 Bh3 24.Bf3 Nc4 25.Qe2 Ne5 26.Kh1 Qb6 27.Rd1 Bd7 28.h3 g6 29.b3 Rc3
30.Bg4 Bxg4 31.hxg4 Qf6 32.f3 Qh4+ 33.Kg1 Qf6 34.Qe1 Rc8 35.Qe2 Rd8 36.Nc2
Qb6+ 37.Kh2 Rxd1 38.Qxd1 Qxb3 39.Qd8+ Kg7 40.Qd4 Qxc2 41.Qxe5+ Kg8 42.Qb8+ Kg7
43.Qxb7 Qf2 44.Qe7 h6 45.e5 Qe2 46.Kh3 Kg8 47.Qd8+ Kg7 48.Qf6+ Kg8 49.Qd8+ Kg7
50.Qd4 Kh7 51.Qe4 Qa2 52.a4 Qe6 53.f4 Qb3+ 54.Kh2 Qb8 55.Qd5 Qc7 56.f5 Kg7
57.Qd6 Qb7 {#r} 1-0

[Event "It (cat.8)"]
[Site "masterchessopen.com Budapest (Hungary)"]
[Round "5"]
[White "Sherbakov Ruslan (RUS)"]
[Black "Kogan Artur (ISR)"]
[Result "1-0"]
[WhiteElo "2510"]
[BlackElo "2470"]

1.d4 Nf6 2.c4 e6 3.Nc3 Bb4 4.e3 Nc6 5.Bd3 e5 6.Ne2 d5 7.cxd5 Nxd5 8.e4 Nb6
9.d5 Ne7 10.Bg5 O-O 11.O-O a6 12.Ng3 h6 13.Be3 Nd7 14.Rc1 Nf6 15.Qb3 Bd6 16.f3
Ng6 17.Rfd1 Nf4 18.Bf1 Nh7 19.Kh1 Qf6 20.Qc2 h5 21.Nf5 h4 22.Nxd6 cxd6 23.Na4
h3 24.Nb6 hxg2+ 25.Bxg2 Rb8 26.Qf2 Ng5 27.Rc2 Nxg2 28.Bxg5 Qxg5 29.Qxg2 Qe3
30.Rg1 g6 31.Nc4 Qd3 32.Rc3 Qd4 33.Nxd6 Qb6 34.Nc4 Qf6 35.Qg5 Qxg5 36.Rxg5 b5
37.Nxe5 Rb7 38.Nc6 Kg7 39.Nd4 f5 40.Rc6 Rf6 41.Rxc8 {#r} 1-0

[Event "It (cat.9)"]
[Site "masterchessopen.com Algarve (Portugal)"]
[Round "4"]
[White "Damaso Rui (POR)"]
[Black "Santos Carlos P (POR)"]
[Result "1-0"]
[WhiteElo "2430"]
[BlackElo "2400"]

1.d4 Nf6 2.c4 e6 3.Nc3 Bb4 4.e3 Nc6 5.Ne2 d5 6.a3 Be7 7.cxd5 exd5 8.Nf4 O-O
9.Bd3 Nb8 10.b4 c6 11.f3 Bd6 12.O-O Re8 13.Qc2 a5 14.b5 c5 15.Nfxd5 cxd4
16.Nxf6+ Qxf6 17.Ne4 Qh6 18.Nxd6 Qxd6 19.Bxh7+ Kh8 20.Be4 dxe3 21.Bxe3 f5
22.Bc5 Qf6 23.Bd5 Nd7 24.Rae1 Rxe1 25.Rxe1 Nb6 26.Re8+ Kh7 27.Bg8+ Kg6 28.Qf2
Bd7 29.Qg3+ Qg5 {#r} 1-0